Conjugaisons avoir (auxiliaire) espagnol - Statistiques

Statistiques générales
  • Ce quiz a été pris 86 fois
  • Le résultat moyen est 27 sur 58
Statistiques - réponses
Hint Réponse % Correct
avoir (auxiliaire) haber
96%
él, ella, usted ha
85%
has
83%
yo he
83%
ellos, ellas, ustedes han
79%
nosostros hemos
79%
1 Imparfait 1
62%
vosostros habéis
58%
yo había
54%
él, ella, usted había
54%
vosostros habíais
54%
nosostros habíamos
54%
ellos, ellas, ustedes habían
54%
habías
54%
él, ella, usted habrà
52%
ellos, ellas, ustedes habràn
52%
habràs
52%
yo hube
52%
2 Futur 2
50%
yo habré
50%
hubiste
50%
vosostros hubisteis
50%
él, ella, usted hubo
50%
3 Prétérit 3
48%
vosostros habréis
48%
nosostros habremos
48%
ellos, ellas, ustedes hubieron
48%
nosostros hubimos
48%
5 Subjonctif présent 5
42%
6 Subjonctif imparfait 6
38%
yo habría
38%
él, ella, usted habría
38%
vosostros habríais
38%
nosostros habríamos
38%
habrías
38%
7 Subjonctif imparfait (2) 7
37%
8 Conditionnel 8
37%
10 Participe passé habido
37%
ellos, ellas, ustedes habrían
37%
yo hubiera
37%
él, ella, usted hubiera
35%
vosostros hubierais
35%
nosostros hubiéramos
35%
ellos, ellas, ustedes hubieran
35%
hubieras
35%
9 Gérondif habiendo
33%
yo haya
33%
él, ella, usted haya
33%
vosostros hayàis
33%
nosostros hayamos
33%
ellos, ellas, ustedes hayan
33%
hayas
33%
yo hubiese
33%
él, ella, usted hubiese
31%
vosostros hubieseis
31%
nosostros hubiésemos
31%
ellos, ellas, ustedes hubiesen
31%
hubieses
31%
Aucun quiz correspondant
Distribution des résultats
% des personnes avec chaque résultat
Percentile par nombre de réponses
Votre historique - résultats
Vous n’avez pas pris ce quiz